IFM Opac

Tanzania in Maps (Record no. 18360)

MARC details
000 -LEADER
fixed length control field 00366nam a22001457a 4500
020 ## - INTERNATIONAL STANDARD BOOK NUMBER
International Standard Book Number 0 340 11797 4
082 ## - DEWEY DECIMAL CLASSIFICATION NUMBER
Classification number 916.78 BER
100 ## - MAIN ENTRY--PERSONAL NAME
Personal name Berry, L
245 ## - TITLE STATEMENT
Title Tanzania in Maps
260 ## - PUBLICATION, DISTRIBUTION, ETC.
Place of publication, distribution, etc. London
Name of publisher, distributor, etc. University of Londn press ltd
Date of publication, distribution, etc. 1971
300 ## - PHYSICAL DESCRIPTION
Extent 172p.
Other physical details ill., 28cm
500 ## - GENERAL NOTE
General note include bibliography
650 ## - SUBJECT ADDED ENTRY--TOPICAL TERM
Topical term or geographic name entry element Geographical area in tanzania
942 ## - ADDED ENTRY ELEMENTS (KOHA)
Koha item type Books
Holdings
Withdrawn status Lost status Source of classification or shelving scheme Damaged status Not for loan Home library Current library Shelving location Date acquired Full call number Barcode Date last seen Price effective from Koha item type
    Dewey Decimal Classification     IFM Main Campus Library IFM Main Campus Library   08/15/2017 916.78 BER 0000019973 08/15/2017 08/15/2017 Books